000
00265nam a22001217a 4500
041
_a
ENG
100
_a
Roth .L.O
245
_a
An Introduction To Agricultural Engineering
260
_a
Delhi
_b
AVI
_c
1975
300
_a
356
650
_a
GAE (15)
856
_u
GAE (15)
999
_c
2962
_d
2962